000 00533cam a2200157u 4500
082 _a355.82424
_bLON
100 1 _aLongstaff, Frederick Victor. [from old catalog]
_949722
245 0 4 _aThe book of the machine gun,
260 _aLondon,
_bH. Rees, ltd.,
_c1917.
300 _axiv, 337, [1] p.
_bfront., plates (part fold.) ports.
_c23 cm.
526 _a0
_b0
_c0
_d355_824240000000000_LON
650 0 _aMachine guns.
_949723
650 0 _aMCE
_9379
700 1 _aAtteridge, Andrew Hilliard, [from old catalog]
_949724
942 _2ddc
_cBK
999 _c552501
_d552501